[Event "GER-ch Seniors-B 20th"]
[Site "Erfurt"]
[Date "2008.08.10"]
[Round "6"]
[White "Bulano, Alexander"]
[Black "Holz auf der Heide, Gerhard"]
[Result "1-0"]
[WhiteElo "1598"]
[BlackElo "1566"]
[PlyCount "151"]
[EventDate "2008.08.05"]
[EventType "swiss"]
[EventRounds "9"]
[EventCountry "GER"]
[SourceTitle "CBM 126 Extra"]
[Source "ChessBase"]
[SourceDate "2008.11.05"]
[SourceVersion "1"]
[SourceVersionDate "2008.11.05"]
[SourceQuality "1"]

1. Nf3 Nf6 2. c4 g6 3. Nc3 Bg7 4. d4 0-0 5. e4 d6 6. Be2 Nbd7 7. 0-0 e5 8. d5 h6 9. b4 b6 10. h3 Nh7 11. Be3 f5 12. exf5 gxf5 13. Rc1 Ndf6 14. Nb5 f4 15. Bd2 Ne4 16. Qb3 Nxd2 17. Nxd2 Ng5 18. c5 Kh8 19. cxd6 cxd6 20. Rc6 Nf7 21. Rfc1 Bd7 22. Nxd6 Bxc6 23. Nxf7+ Rxf7 24. Rxc6 Rd7 25. Bf3 b5 26. Qd3 a6 27. Nb3 Rd6 28. Qe4 Rxc6 29. dxc6 Ra7 30. Be2 Qd6 31. Bd3 Bf8 32. a3 Rc7 33. Na5 Qe6 34. g3 fxg3 35. fxg3 Qd6 36. Qf5 Qd4+ 37. Kg2 Qd5+ 38. Kh2 Rf7 39. Qe4 Qxe4 40. Bxe4 Bd6 41. Kg2 Kg7 42. Nb7 Bc7 43. Nc5 Bb6 44. Nd7 Bc7 45. Nc5 Bb6 46. Bd5 Re7 47. Nd7 Bc7 48. Kf3 a5 49. Ke4 axb4 50. axb4 Bd6 51. Nc5 Bxc5 52. bxc5 Kf6 53. Ba2 Ra7 54. Bg8 Ra4+ 55. Kf3 Ra7 56. h4 Rc7 57. Bd5 b4 58. Ke2 Kf5 59. Kd3 Kg4 60. Kc4 Kxg3 61. Kxb4 Kf4 62. Kb5 e4 63. Kb6 Rc8 64. c7 e3 65. Bc4 Ke5 66. Kb7 Kd4 67. Kxc8 Kxc4 68. c6 e2 69. Kb8 e1Q 70. c8Q Qxh4 71. Qa6+ Kc5 72. c7 Qf4 73. Qa7+ Kb5 74. Qb7+ Kc5 75. Ka8 Qa4+ 76. Qa7+ 1-0

[Event "GER-ch Seniors-B 20th"]
[Site "Erfurt"]
[Date "2008.08.06"]
[Round "2"]
[White "Fritsch, Wolfgang"]
[Black "Holz auf der Heide, Gerhard"]
[Result "0-1"]
[WhiteElo "1646"]
[BlackElo "1566"]
[PlyCount "81"]
[EventDate "2008.08.05"]
[EventType "swiss"]
[EventRounds "9"]
[EventCountry "GER"]
[SourceTitle "CBM 126 Extra"]
[Source "ChessBase"]
[SourceDate "2008.11.05"]
[SourceVersion "1"]
[SourceVersionDate "2008.11.05"]
[SourceQuality "1"]

1. e4 c5 2. Nf3 d6 3. d4 cxd4 4. Nxd4 g6 5. c4 Bg7 6. Nc3 Nc6 7. Be3 Bd7 8. Qd2 Nf6 9. f3 0-0 10. Nxc6 bxc6 11. Be2 Qc7 12. 0-0 Rfb8 13. Rab1 a5 14. Rfd1 Rb7 15. c5 Ne8 16. Na4 Be6 17. b3 d5 18. exd5 Bxd5 19. Nb6 Rd8 20. Qxa5 e6 21. Qd2 Rbb8 22. Qc2 Nf6 23. Bg5 h6 24. Bh4 Re8 25. Bg3 e5 26. Bc4 Rbd8 27. b4 Nh5 28. Bxd5 cxd5 29. Rxd5 Nxg3 30. hxg3 e4 31. Rxd8 Rxd8 32. Qxe4 Qxg3 33. Nd7 Qc7 34. c6 Qa7+ 35. Kh1 Qxa2 36. Re1 Qa7 37. Qe7 Ra8 38. b5 Qf2 39. Qe2 Qh4+ 40. Kg1 Bd4+ 41. Qe3 0-1

[Event "GER-ch Seniors-B 20th"]
[Site "Erfurt"]
[Date "2008.08.05"]
[Round "1"]
[White "Holz auf der Heide, Gerhard"]
[Black "Petroschka, Bernd"]
[Result "1/2-1/2"]
[WhiteElo "1566"]
[BlackElo "1743"]
[PlyCount "99"]
[EventDate "2008.08.05"]
[EventType "swiss"]
[EventRounds "9"]
[EventCountry "GER"]
[SourceTitle "CBM 126 Extra"]
[Source "ChessBase"]
[SourceDate "2008.11.05"]
[SourceVersion "1"]
[SourceVersionDate "2008.11.05"]
[SourceQuality "1"]

1. b4 e5 2. Bb2 Bxb4 3. Bxe5 Nf6 4. c4 0-0 5. Nc3 Be7 6. e3 Nc6 7. Bg3 d6 8. Be2 b6 9. Bf3 Bb7 10. Nd5 Nxd5 11. Bxd5 Na5 12. Bxb7 Nxb7 13. d4 Qd7 14. Nf3 d5 15. cxd5 Bb4+ 16. Nd2 Qxd5 17. 0-0 c5 18. Qf3 Qxf3 19. Nxf3 cxd4 20. Nxd4 Bc3 21. Rad1 Bxd4 22. Rxd4 Rfd8 23. Rfd1 Rxd4 24. Rxd4 Rd8 25. Rxd8+ Nxd8 26. Kf1 f5 27. Ke2 Kf7 28. Kd3 Ke6 29. Kc4 Nc6 30. h3 g5 31. a4 Na5+ 32. Kd4 h5 33. f4 g4 34. hxg4 hxg4 35. Be1 Nb3+ 36. Kc4 Nc5 37. a5 Nd7 38. Bc3 bxa5 39. Bxa5 Nb6+ 40. Kd4 Nd5 41. Be1 Ne7 42. e4 Nc6+ 43. Kd3 a5 44. exf5+ Kxf5 45. g3 a4 46. Bc3 Ne7 47. Kd4 Ng6 48. Kc4 Ne7 49. Bb4 Ng6 50. Kb5 1/2-1/2

[Event "Leipzig VfB op 15th"]
[Site "Leipzig"]
[Date "2008.03.02"]
[Round "9"]
[White "Wolter, Uwe"]
[Black "Holz auf der Heide, Gerhard"]
[Result "0-1"]
[WhiteElo "1433"]
[BlackElo "1900"]
[PlyCount "118"]
[EventDate "2008.02.26"]
[EventType "swiss"]
[EventRounds "9"]
[EventCountry "GER"]
[SourceTitle "CBM 123 Extra"]
[Source "ChessBase"]
[SourceDate "2008.05.06"]
[SourceVersion "1"]
[SourceVersionDate "2008.05.06"]
[SourceQuality "1"]

1. c4 Nf6 2. Nc3 g6 3. Nf3 Bg7 4. g3 0-0 5. Bg2 c6 6. 0-0 d5 7. cxd5 cxd5 8. d4 Nc6 9. b3 a6 10. e3 e6 11. a4 Bd7 12. Ba3 Re8 13. b4 Na7 14. Qd3 b5 15. a5 Rc8 16. Rac1 Rc7 17. Nd2 Bf8 18. Na2 Nc6 19. Nb3 Qb8 20. Rc2 Rec8 21. Rfc1 Kg7 22. f3 h5 23. e4 Qa7 24. e5 Nxe5 25. Qe2 Nc4 26. Bb2 Kh7 27. Nc5 Bh6 28. f4 Ng4 29. Rc3 Bg7 30. Rd3 Nf6 31. Rc2 Ne8 32. Nc3 Ned6 33. Nd1 Nf5 34. Ba1 Nfd6 35. Nf2 Nb7 36. Qe1 Re8 37. Bh3 f5 38. Re2 Nd8 39. Bg2 Qa8 40. Nh3 Bf6 41. Kh1 Qc6 42. Ng1 Bc8 43. Nf3 Qd6 44. h4 Qf8 45. Bc3 Nd6 46. Ne5 Ne4 47. Bxe4 dxe4 48. Rde3 Nf7 49. Rd2 Nd6 50. Rd1 Bb7 51. Kh2 Qe7 52. Qf1 Ra8 53. Bb2 Bd5 54. Qg2 Bxe5 55. dxe5 Nc4 56. Re2 Rca7 57. Bd4 Rd8 58. Qf2 Raa8 59. Kh1 e3+ 0-1

[Event "Leipzig VfB op 15th"]
[Site "Leipzig"]
[Date "2008.03.01"]
[Round "7"]
[White "Weigel, Helmut"]
[Black "Holz auf der Heide, Gerhard"]
[Result "1-0"]
[WhiteElo "1593"]
[BlackElo "1900"]
[PlyCount "133"]
[EventDate "2008.02.26"]
[EventType "swiss"]
[EventRounds "9"]
[EventCountry "GER"]
[SourceTitle "CBM 123 Extra"]
[Source "ChessBase"]
[SourceDate "2008.05.06"]
[SourceVersion "1"]
[SourceVersionDate "2008.05.06"]
[SourceQuality "1"]

1. d4 Nf6 2. c4 g6 3. Nc3 Bg7 4. e4 d6 5. f3 0-0 6. Be3 Nbd7 7. Qd2 e5 8. d5 a6 9. Bh6 Ne8 10. Bg5 Nef6 11. Bd3 Qe8 12. Nge2 b6 13. 0-0 Nc5 14. Bc2 Bd7 15. Bh6 Kh8 16. Bxg7+ Kxg7 17. b3 b5 18. Nc1 b4 19. N3e2 a5 20. Nd3 Nxd3 21. Bxd3 Qb8 22. Qe3 c5 23. dxc6 Bxc6 24. Rfd1 Rd8 25. Rd2 Qa7 26. Qxa7 Rxa7 27. g4 h6 28. Ng3 h5 29. gxh5 Nxh5 30. Nxh5+ gxh5 31. Rg2+ Kh6 32. Kf2 Be8 33. Rg8 Raa8 34. Rh8+ Kg7 35. Rxh5 Kf8 36. Rg1 Ke7 37. Rg7 a4 38. Bc2 axb3 39. Bxb3 Ba4 40. Rhh7 Rf8 41. c5 Bxb3 42. cxd6+ Kxd6 43. axb3 Ra3 44. Rxf7 Rxf7 45. Rxf7 Rxb3 46. Rb7 Kc5 47. h4 Rb2+ 48. Kg3 Rb1 49. Kg4 Rg1+ 50. Kf5 Rh1 51. Kxe5 Rxh4 52. Rc7+ Kb5 53. Rc1 b3 54. f4 Kb4 55. f5 b2 56. Rb1 Kb3 57. f6 Kc2 58. Rf1 Kd3 59. Rf3+ Kc2 60. Rf2+ Kd3 61. Rxb2 Rxe4+ 62. Kd6 Rd4+ 63. Ke7 Re4+ 64. Kf8 Rf4 65. f7 Kc4 66. Re2 Kd5 67. Ke7 1-0

[Event "GER-ch Seniors Gp-B 19th"]
[Site "Templin"]
[Date "2007.08.26"]
[Round "4"]
[White "Holz auf der Heide, Gerhard"]
[Black "Fischer, Paul"]
[Result "0-1"]
[WhiteElo "1604"]
[BlackElo "1688"]
[PlyCount "118"]
[EventDate "2007.08.23"]
[EventType "swiss"]
[EventRounds "9"]
[EventCountry "GER"]
[SourceTitle "EXT 2022"]
[Source "ChessBase"]
[SourceDate "2021.10.06"]
[SourceVersion "1"]
[SourceVersionDate "2021.10.06"]
[SourceQuality "1"]

1. b4 a5 2. bxa5 Rxa5 3. Bb2 Nf6 4. Nf3 d6 5. e3 e5 6. d3 Nc6 7. Nbd2 Be7 8. Be2 0-0 9. 0-0 Be6 10. c4 h6 11. a3 Nh7 12. d4 exd4 13. Nxd4 Nxd4 14. exd4 d5 15. c5 Qd7 16. Nf3 f6 17. Qd2 Rfa8 18. Rfc1 c6 19. Rc3 Qc7 20. Rb3 Ng5 21. Nxg5 hxg5 22. Re1 Bf5 23. Bd1 Re8 24. Rbe3 Raa8 25. Bc2 Bxc2 26. Qxc2 Kf7 27. Qe2 g6 28. g3 Rad8 29. Kg2 Qd7 30. f4 gxf4 31. gxf4 Bf8 32. Rxe8 Rxe8 33. Qxe8+ Qxe8 34. Rxe8 Kxe8 35. Kf3 f5 36. h4 Be7 37. Kg3 Bd8 38. Bc3 b5 39. Kh3 Kd7 40. Kg3 Kc8 41. Kh3 Kb7 42. Kg3 Bf6 43. Kh3 Ka6 44. Kg3 b4 45. Bxb4 Bxd4 46. h5 gxh5 47. Kh4 Kb5 48. Kxh5 Bxc5 49. Bd2 Bxa3 50. Kg5 Bb2 51. Kxf5 Kc4 52. Ke6 d4 53. f5 Ba3 54. f6 Kd3 55. Bh6 Ke2 56. f7 d3 57. Kd7 Bf8 58. Bg5 c5 59. Ke8 Bg7 0-1

[Event "GER-ch Seniors Gp-B 19th"]
[Site "Templin"]
[Date "2007.08.24"]
[Round "2"]
[White "Holz auf der Heide, Gerhard"]
[Black "Augustat, Siegfried"]
[Result "1/2-1/2"]
[WhiteElo "1604"]
[BlackElo "1712"]
[PlyCount "42"]
[EventDate "2007.08.23"]
[EventType "swiss"]
[EventRounds "9"]
[EventCountry "GER"]
[SourceTitle "EXT 2022"]
[Source "ChessBase"]
[SourceDate "2021.10.06"]
[SourceVersion "1"]
[SourceVersionDate "2021.10.06"]
[SourceQuality "1"]

1. b4 e5 2. Bb2 Bxb4 3. Bxe5 Nf6 4. c4 0-0 5. Nc3 Nc6 6. Bxf6 Qxf6 7. Nd5 Qd8 8. Nxb4 Nxb4 9. a3 Nc6 10. Nf3 d5 11. cxd5 Qxd5 12. e3 Bf5 13. Be2 Bd3 14. 0-0 Rfd8 15. Re1 Rd6 16. Qc1 Rad8 17. Qb2 b6 18. Rac1 R8d7 19. Bxd3 Qxd3 20. Rc3 Qg6 21. d4 Re7 1/2-1/2